| 000 | 00607nam a22001697a 4500 | ||
|---|---|---|---|
| 003 | OSt | ||
| 005 | 20250818154003.0 | ||
| 008 | 230907b |||||||| |||| 00| 0 eng d | ||
| 040 |
_aMMSU _cULS |
||
| 100 | _aValdez, Maria Kyte P. | ||
| 245 |
_aSignages in the Mariano Marcos State University: a linguistic study / _cMaria Kyte P. Valdez |
||
| 260 |
_aCity of Batac : _c2021 _bMMSU, |
||
| 300 |
_ax, 76 leaves ; _c28 cm. |
||
| 500 | _aThesis (BA in English Language) – Mariano Marcos State University-College of Arts and Sciences, Batac City | ||
| 504 | _aBibliography: leaves 52-57 | ||
| 942 |
_2lcc _cTHEDIS |
||
| 999 |
_c20130 _d20130 |
||